| 000 | 00558nam a2200169Ia 4500 | ||
|---|---|---|---|
| 008 | 230718s9999 xx 000 0 und d | ||
| 020 | _a9781983372445 | ||
| 041 | _aeng | ||
| 082 |
_a346.048'6 _bKAR |
||
| 100 |
_aKarhad P. _9202798 |
||
| 245 |
_aHow To Patent An Idea In India _bFrom Idea To Generated Patent In Quickest Time, Saving Costs And Making Money With Your Patented Invention |
||
| 260 |
_c2014 _bKarhad P. |
||
| 300 | _a148 | ||
| 365 |
_cRs. _b199.00 |
||
| 700 |
_aKarhad P. _9202798 |
||
| 906 |
_dO:0747830-May-2022B:BOMS-56575MHBOM5-124 _cGENRL |
||
| 999 |
_c352481 _d352481 |
||